00741cam a22002051 4500001001300000003000400013005001700017008004100034010001700075020001900092040001800111050001800129100003800147245012700185250001500312260010200327300004100429700004800470999001700518sa 67004207 DLC20260227112344.0090515s1967 ii hc 000 0 eng  asa 67004207  cRs17.50; $4.00 aDLCcDLCdDLC00aDS481.B6bA341 aBose, Subhas Chandra,d1897-1945.10aSubhas Chandra Bose;bcorrespondence 1924-1932.cCompiled and edited by Sisir K. Bose, with translations from the Bengali. a[1st ed.]. aCalcutta,bNetaji Research Bureau; [distributors in India]:bOxford Book & Stationery Co.c[1967] axv, 432 p.bfacsims., ports.c23 cm.1 aBose, Sisir Kumar,d1920-2000,eed. and tr. c74309d74309